Majority Population Attitudes towards the Roma Minority as a Specific Component of the Group-Focused Enmity Syndrome in the Slovak Republic
Analýza postojov spoločnosti k rómskej menšine na Slovensku, ktorá predstavuje medzietnický konflikt medzi väčšinovým obyvateľstvom a druhou najväčšou menšinou na Slovensku. Slovenská spoločnosť vníma svoj vzťah k rómskej menšinovej skupine na rôznych úrovniach. Zistenie by mohlo byť prínosné pre ďa...
Na minha lista:
| Autor principal: | |
|---|---|
| Formato: | Capítulo de Livro |
| Idioma: | inglês |
| Assuntos: | |
| Tags: |
Sem tags, seja o primeiro a adicionar uma tag!
|
MARC
| LEADER | 00000naa a2200000 4500 | ||
|---|---|---|---|
| 001 | 0296550 | ||
| 005 | 20240417075249.6 | ||
| 041 | 0 | |a eng | |
| 044 | |a CZ | ||
| 245 | 1 | 0 | |a Majority Population Attitudes towards the Roma Minority as a Specific Component of the Group-Focused Enmity Syndrome in the Slovak Republic |c Peter Patyi |
| 520 | |a Analýza postojov spoločnosti k rómskej menšine na Slovensku, ktorá predstavuje medzietnický konflikt medzi väčšinovým obyvateľstvom a druhou najväčšou menšinou na Slovensku. Slovenská spoločnosť vníma svoj vzťah k rómskej menšinovej skupine na rôznych úrovniach. Zistenie by mohlo byť prínosné pre ďalšie skúmanie problému, ale najmä pre intervenčné stratégie zaoberajúce sa reálnymi zmenami v postojoch spoločnosti. Model štúdie a výsledky výskumu. | ||
| 610 | 2 | 0 | |a spoločnosť |
| 610 | 2 | 0 | |a analýzy |
| 610 | 2 | 0 | |a postoje |
| 610 | 2 | 0 | |a Slovensko |
| 610 | 2 | 0 | |a etnikum |
| 610 | 2 | 0 | |a Rómovia |
| 610 | 2 | 0 | |a rovnosť rodová |
| 100 | 1 | |a Patyi, Peter | |